00892nam a2200205 a 450000100100000000500170001000800410002704000250006808200160009310000390010924000730014824500840022126000470030530000210035249000540037353400830042783000440051095201150055499900170066900003548420250526115843.0111102s1970 sp 000 0 spa d aDO-SdBNPbspacBNPHU axxxxbM322e1 aMarcuse, Herbert,d1898-19799512810aEros and civilization: a philosophical inquiry into Freudlespañol10aEros y civilización /cHerbert Marcuse ; traducción de Juan García Ponce. aBarcelona, España :bSeix Barral,c1970. a253 p. ;c19 cm.1 aBiblioteca breve de bolsilloaLibro de enlacev17 aTítulo original :tEros and civilization: a philosophical inquiry into Freud 0aBiblioteca breve de bolsillov17961362 0010507-18MOaGRbGRcOId2011-11-02iLF1l0oxxxx M322ep35484-10r2020-06-25w2020-06-25y1ZNo se presta c34975d34975